| 000 | 00978nam a22002417a 4500 | ||
|---|---|---|---|
| 999 |
_c5644 _d5644 |
||
| 003 | OSt | ||
| 005 | 20251013100551.0 | ||
| 008 | 251013b ||||| |||| 00| 0 eng d | ||
| 020 |
_a9781474915083 _qbook set |
||
| 040 | _cKH8 | ||
| 082 | _aFIC CHA | ||
| 100 |
_aChandler, Fiona, _eauthor. |
||
| 245 |
_aThe Sorcerer's Apprentice / _cretold by Fiona Chandler ; illustrated by Poly Bernatene. |
||
| 260 |
_aEngland ; _bUsborne Publishing Ltd , _c2007. |
||
| 300 |
_a48 pages : _bcolor illustrations ; _c20 cm. |
||
| 490 |
_aUsborne Young Reading _vsereis one |
||
| 520 | _aMax is learning to be a sorcere and can't wait to try out some magic on his own. Left alone in the castle one day, he grabs his chance. And Max's spell works very well - until he finds he can't stop it. He is in big trouble now... | ||
| 650 |
_aEasy reading _vfiction |
||
| 651 |
_aStory book _vfiction |
||
| 700 |
_aBernatene, Poly, _eillustrator. |
||
| 830 | _aUsborne Young Reading | ||
| 942 |
_2ddc _cFIC |
||